Languages of Greece Quiz (with map) - Statistics

General Stats
  • This quiz has been taken 2,493 times
  • The average score is 6 of 9
Answers on the Map
Answers color-coded by a green-red scale on the quiz's map according to % correct below.
 
Answer Stats
Answer % Correct
Greek
100%
Turkish
95%
Macedonian
92%
Albanian
90%
Arvanitika (Albanian)
90%
Pomak (Bulgarian)
90%
Aromanian
56%
Tsakonian
19%
Megleno-Romanian
16%
No matching quizzes found
Score Distribution
Percent of People with Each Score
Percentile by Number Answered
Your Score History
You have not taken this quiz